01131nam a2200193Ia 4500001001100000003001000011008004100021040002500062041001300087100001800100245004200118250001100160260009000171300001100261500026000272501011400532520026000646650003100906L922-42182IT-CnALBA170116s9999||||xx |||||||||||||| ||und|| aIT-CnALBAcIT-CnALBA aITALIANO aLORIA ACHILLE 0aMALTHUS (TOMMASO ROBERTO 1766-1834).  a1a ed. a GE RO BO MObFORMIGGINI A. F., EDIT. c1909 [1° Ed.:1909 - Ed.Ling.Originale: 1909] a85 p.  aPROFILI. AMBIENTE. RIVOLUZIONE SOCIALE. SEGUACE DEL ROUSSEAU. LA CRISI. OPPOSIZIONE IDEOLOGICA TRA PADRE E FIGLIO. ECONOMISTA E FILOSOFO. IL DISAGIO ECONOMICO DELLA LEGGE DI NATURA. TEORIA DELLA POPOLAZIONE. DEL LAVORO. TEORIA MALTHUSIANA. O CONTROLLO DEL aSocietà San Paolo EM - Piazza San Paolo, 14 - 12051 ALBA (CN) (non commercial uses only) ® Copyright 2017 aPROFILI. AMBIENTE. RIVOLUZIONE SOCIALE. SEGUACE DEL ROUSSEAU. LA CRISI. OPPOSIZIONE IDEOLOGICA TRA PADRE E FIGLIO. ECONOMISTA E FILOSOFO. IL DISAGIO ECONOMICO DELLA LEGGE DI NATURA. TEORIA DELLA POPOLAZIONE. DEL LAVORO. TEORIA MALTHUSIANA. O CONTROLLO DEL aBIOGRAFIE, UOMINI ILLUSTRI